Statistics for Second Biggest Asian Cities Quiz

Click here to take the quiz!

General Stats

  • This quiz has been taken 45 times
  • The average score is 16 of 21

Answer Stats

CountryCity% Correct
JapanOsaka
100%
VietnamHanoi
100%
TurkeyAnkara
100%
SyriaAleppo
100%
IndiaMumbai
97%
ChinaShanghai
97%
Saudi ArabiaJeddah
94%
United Arab EmiratesAbu Dhabi
94%
South KoreaBusan
91%
KazakhstanNur-Sultan
88%
PakistanLahore
88%
BangladeshChittagong
85%
PhilippinesCebu
79%
IndonesiaBandung
76%
MyanmarMandalay
73%
IraqMosul
64%
TaiwanKaohsiung
55%
IranIsfahan
55%
AfghanistanKandahar
52%
MalaysiaGeorge Town
45%
ThailandChonburi
6%

Score Distribution

Percentile by Number Answered

Percent of People with Each Score

Your Score History

You have not taken this quiz